| 000 | 00358nam a2200145Ia 4500 | ||
|---|---|---|---|
| 008 | 150301s2015 xx 000 0 und d | ||
| 082 |
_a610.7362 _bW15W |
||
| 100 | _aWILSON, HOCKENBERRY I. | ||
| 245 | _aWONG'S NURSING CARE OF INFANT & CHILDREN | ||
| 250 | _a10TH | ||
| 260 |
_bELSEVER _c2015 |
||
| 300 | _a1734 | ||
| 650 | _aNURSING CARE | ||
| 942 |
_2ddc _cBK |
||
| 999 |
_c6868 _d6868 |
||